| 000 -LEADER |
| fixed length control field |
00931 am a2200265 4500 |
| 003 - CONTROL NUMBER IDENTIFIER |
| control field |
OSt |
| 005 - DATE AND TIME OF LATEST TRANSACTION |
| control field |
20230510074627.0 |
| 008 - FIXED-LENGTH DATA ELEMENTS--GENERAL INFORMATION |
| fixed length control field |
790710s1972 j eng u |
| 020 ## - INTERNATIONAL STANDARD BOOK NUMBER |
| International Standard Book Number |
9781405206266 |
| 040 ## - CATALOGING SOURCE |
| Transcribing agency |
TBL |
| Modifying agency |
KH8 |
| 082 ## - DEWEY DECIMAL CLASSIFICATION NUMBER |
| Classification number |
741.5 HER |
| 100 0# - MAIN ENTRY--PERSONAL NAME |
| Personal name |
Herge, |
| Dates associated with a name |
1907-1983. |
| Relator term |
Author |
| 245 10 - TITLE STATEMENT |
| Title |
Land of black gold / |
| Statement of responsibility, etc. |
Herge ; [translated by Leslie Lonsdale-Cooper and Michael Turner]. |
| 260 ## - PUBLICATION, DISTRIBUTION, ETC. |
| Place of publication, distribution, etc. |
London : |
| Name of publisher, distributor, etc. |
Methuen Children's Books, |
| Date of publication, distribution, etc. |
1972. |
| 300 ## - PHYSICAL DESCRIPTION |
| Extent |
62 p. : |
| Other physical details |
col. ill. ; |
| Dimensions |
30 cm. |
| 490 1# - SERIES STATEMENT |
| Series statement |
The adventures of Tintin. |
| 500 ## - GENERAL NOTE |
| General note |
First published in Great Britain : Methuen Children's Books, 1972. |
| 500 ## - GENERAL NOTE |
| General note |
2008 edition published by Egmont. |
| 546 ## - LANGUAGE NOTE |
| Language note |
Translated from the French. |
| 650 #0 - SUBJECT ADDED ENTRY--TOPICAL TERM |
| Topical term or geographic name entry element |
Comic books, strips, etc. |
| Geographic subdivision |
France. |
| 650 #0 - SUBJECT ADDED ENTRY--TOPICAL TERM |
| Topical term or geographic name entry element |
Tintin (Fictitious character) |
| Form subdivision |
Comic books, strips, etc. |
| 650 #0 - SUBJECT ADDED ENTRY--TOPICAL TERM |
| Topical term or geographic name entry element |
Graphic novels. |
| Source of heading or term |
genre. |
| 830 #0 - SERIES ADDED ENTRY--UNIFORM TITLE |
| Uniform title |
Adventures of Tintin. |
| 942 ## - ADDED ENTRY ELEMENTS (KOHA) |
| Source of classification or shelving scheme |
|
| Koha item type |
Books - Non Ficton |